=LDR 00000nam 2200000 4500 =001 INLIS000000000004015 =005 20130612092314 =008 ***********************************Ind** =035 ##$$0010-061300000004015 =041 ##$$a Ind =082 ##$$a 808.093 1 =090 ##$$a 808.093 1, Low s =100 ##$$a Low, C.C =245 ##$$a Samkok, kisah tiga kerajaan, C.C.Low; alih bahasa, Marcus A.S =260 ##$$a 1993 $b Jakarta =300 ##$$a vi, 373 hlm., ilus., 20 cm =650 ##$$a Kesusastraan klasikxCina =700 ##$$a Marcus A.S =850 ##$$a NBPNMAT